| 000 | 00557nam a2200169 i 4500 | ||
|---|---|---|---|
| 001 | 86135 | ||
| 003 | ES-MaACL | ||
| 005 | 20230906175400.0 | ||
| 007 | t| | ||
| 008 | 041207s1909 it ||||1| ita d | ||
| 245 | 0 | 0 |
_aKalevala _b: poema fíumico / _cversione italiana de Igino Cocchi con prefaione di Domonico Ciampoli. |
| 260 |
_aCittá di Castello ; _aFirenze : _b[s.n., _c1909] ( _fSocieta tipografica) |
||
| 300 |
_a2 v., lám. ; _c26 cm. |
||
| 700 | 1 |
_aCocchi, Igino. _939386 |
|
| 700 | 1 |
_aCiáampoli, Domenico. _9126501 |
|
| 852 |
_aES-MaACL _jG-8070-1 |
||
| 999 |
_c86135 _d86135 |
||